000 00558nam a22001931i 4500
001 11418
090 _a11418
100 _a20170304u u u0frey50 ba
101 1 _apor
200 1 _fOg Mandino
_aA melhor maneira de viver
210 _cSábado
_dcop. 2006
215 _a118, [2] p.
_d22 cm
225 2 _aO melhor de si
300 _aOg Mandino é pseudonimo de Augustine Mandino (1923-1996). - Oferta de Maria da Conceição Galveia
606 1 _aPsicologia
_93335
675 _a159.947
700 1 _aMandino
_bOg
_4070
_f1923-1996
801 _aPT
_gRPC
990 _cLIVROS